Miasta Europy zakończone na -pol - Statystyki

Ogólne statystyki
  • Ten quiz został rozwiązany 27 razy
  • Średni wynik to 5 z 12
Statystyki odpowiedzi
Podpowiedź 1. litera Miasto % Poprawnych
Dawna nazwa największego miasta Turcji K Konstantynopol
75%
Nadmorskie miasto na południe od Doniecka M Mariupol
71%
Największe i drugie największe miasto na półwyspie Krymskim S Sewastopol
67%
Miasto nad Bugiem na granicy z Białorusią T Terespol
67%
Miasto w powiecie Kraśnickim A Annopol
58%
Miasto w powiecie Częstochowskim K Koniecpol
46%
Największe i drugie największe miasto na półwyspie Krymskim S Symferopol
46%
Największe miasto zyskane przez Austrię na kongresie wiedeńskim T Tarnopol
38%
Miasto w powiecie bartoszyckim S Sępopol
29%
Dawna nazwa miasta Edirne A Adrianopol
25%
Największe miasto kończące się na -pol w obwodzie Zaporoskim M Melitopol
21%
Powstało tu pierwsze kobiece gimnazjum na Kaukazie S Stawropol
4%
Nie znaleziono quizów pasujących do podanych kryteriów
Rozkład punktacji
Procent ludzi z każdym wynikiem
Percentyl według liczby udzielonych odpowiedzi
Twoja historia wyników
Nie rozwiązałeś tego quizu